00484 a2200157 4500010001400000020001100014035001300025037001500038082001200053100002400065245005300089250001900142260004800161270009200209300002500301 aENG-87960 c340.00 aEN-71493 bDBAD / PUB14a338.9541 aCherunilam, Francis1 aBusiness and government /cby Francis Cherunilam a14th rev. ed. aNew DelhibHimalaya Publishing Housec2007 aPooja Apartments, 4-B, Murari Lal Street, Ansari Road, Darya GanjbNew Delhie110 002 a470 p.c24 cm (pbk)